000 00457nam a2200181Ia 4500
005 20250423095727.0
008 250422s9999 xx 000 0 und d
020 _a1566900999
050 _aTA 174 .S24/
100 _aSahai, Ranjit S.
245 0 _aInside microStation
250 _a4th ed.
260 _aSanta Fe, NM
260 _bOnWord Press
260 _c1996
650 _aMicroStation. Computer-aided design _ Computer programs.
942 _cBK
999 _c31149
_d31149